1319 1806 1777 1322 1540 1984 1007 1738 1790 1560 1971 1714 1756 1451 1192 1902 1645 1114 1000 1126 1297 1581 1609 1636 1305 1158 1437 1443 1919 1417 1868 1622 1026 1935 1173 1568 1170 1775 1467 1178 1606 1046 1209 1236 1385 1238 1973 1764 1597 1026 1759 1240 1743 1709 1425 1981 1224 1073 1517 1561 1964 1154 1660 1936 1616 1027 1557 1305 1283 1508 1901 1739 1516 1558 1121 1936 1919 1021 1007 1836 1919 1999 1131 1774 1317 1122 1771 1343 1673 1319 1020 1879 1344 1517 1857 1975 1217 1250 1277 BCNSPRNW ULIB Ver.6.0+V

เปลี่ยนเป็นภาษาไทย

Change to English
 แสดงรายละเอียดบรรณานุกรม
  กลับหน้าหลัก

Brief Record : Get Marc (ISO 2709) : E-mail record : QR code < ปิดหน้าต่าง
LEADER : 00000nam 2200000uu 4500
001    13399126964
003     ULIB
008    190918s2562||||th 000 0 tha d
020 ^9 ^a9786164852129
060 ^W ^aWA950^bจ436
100 0^ aจรณิต แก้วกังวาล
245 10 ^aคู่มือนักวิจัยมือใหม่ :การประยุกต์ใช้ระบาดวิทยา และชีวสถิติในการวิจัยชีวเวชศาสตร์ /^cจรณิต แก้วกังวาล.
250 ^พ ^aิมพ์ครั้งที่ 1.
260 ^ก ^aรุงเทพฯ :^bหจก. จี.เอส.เอ็ม. เทรดดิ้ง จำกัด,^c2562
300 ^9 ^a20 หน้า :ภาพประกอบ.
650 ^4 ^aวิทยาการระบาด^xวิจัย
650  0 ^aชีวสถิติ
650  0 ^aการแพทย์^xวิจัย
945    ^p700^l0^i27733
945    ^p700^l0^i27734
945    ^p700^l0^i27732
945    ^p700^l0^i27736
945    ^p700^l0^i27735
999    ^aกัณชพร จุลอักษร
รายการนี้ยังไม่มีแท็ก
คุณยังไม่ได้ล็อกอิน คุณสามารถมีกิจกรรมร่วมกับเว็บไซต์ได้ แต่ต้องล็อกอินก่อน ::
  ล็อกอิน

รายการสื่อสารสนเทศ

ลำดับที่ ประเภท เลขเรียก/บาร์โค้ด สถานที่ สถานะ
1. หนังสือสำรอง
หนังสือสำรอง
WA950 จ436 ฉ.1 
  Barcode: 27732
ห้องสมุดวิทยาเขตนครสวรรค์
►หนังสือทั่วไป:l:General Books
บนชั้น
2. วิทยาศาสตร์การแพทย์ และสุขภาพ
วิทยาศาสตร์การแพทย์ และสุขภาพ
WA950 จ436 ฉ.2 
  Barcode: 27733
ห้องสมุดวิทยาเขตนครสวรรค์
►หนังสือทั่วไป:l:General Books
บนชั้น
3. วิทยาศาสตร์การแพทย์ และสุขภาพ
วิทยาศาสตร์การแพทย์ และสุขภาพ
WA950 จ436 ฉ.3 
  Barcode: 27734
ห้องสมุดวิทยาเขตนครสวรรค์
►หนังสือทั่วไป:l:General Books
บนชั้น
4. วิทยาศาสตร์การแพทย์ และสุขภาพ
วิทยาศาสตร์การแพทย์ และสุขภาพ
WA950 จ436 ฉ.4 
  Barcode: 27735
ห้องสมุดวิทยาเขตนครสวรรค์
►หนังสือทั่วไป:l:General Books
บนชั้น
5. วิทยาศาสตร์การแพทย์ และสุขภาพ
วิทยาศาสตร์การแพทย์ และสุขภาพ
WA950 จ436 ฉ.5 
  Barcode: 27736
ห้องสมุดวิทยาเขตนครสวรรค์
►หนังสือทั่วไป:l:General Books
บนชั้น

รายการใกล้เคียง
    หัวเรื่อง [ชีวสถิติ]

BibComment


ยังไม่เคยถูกคอมเมนท์

คอมเมนท์ทรัพยากรรายการนี้
  คอมเมนท์: คู่มือนักวิจัยมื..


 Copyright 2026. Bcnsprnw @Library